Countries Mentioned in Frankenstein - Statistics

General Stats
  • This quiz has been taken 35 times
  • The average score is 8 of 13
Answer Stats
Answer % Correct
France
97%
England
91%
Germany
88%
Italy
84%
Russia
84%
Switzerland
75%
Scotland
72%
Austria
59%
Turkey
53%
Greece
50%
India
44%
Mexico
31%
Peru
16%
No matching quizzes found
Score Distribution
Percent of People with Each Score
Percentile by Number Answered
Your Score History
You have not taken this quiz